Ricostruisci la Carriera del Calciatore - Arturo Vidal - Statistics

Statistiche generali
  • Questo quiz è stato fatto 40 volte
  • Il punteggio medio è 6 su 9
Statistiche sulle risposte
Hint Risposta % Corretto
2005-2007 Colo-Colo
84%
2018-2020 Barcellona
81%
2015-2018 Bayern Monaco
71%
2011-2015 Juventus
71%
2020-2022 Inter
68%
2007-2011 Bayer Leverkusen
61%
2023 Athl. Paranaense
58%
2024- Colo-Colo
52%
2022-2023 Flamengo
52%
Nessun quiz corrispondente trovato
Distribuzione punteggi
Percentuale di utenti per punteggio
Percentile per numero di risposta
I tuoi punteggi nel tempo
Non hai fatto questo quiz